000 00736nam a2200205Ia 4500
003 OSt
005 20211117113052.0
008 210310s1959 ilu gr 000 0 eng d
040 _aCO-JMCR
_cCO-JMCR
041 0 _aeng
082 0 4 _a350.7247 /
_bD852s
_223
100 1 _aDue, John F.
_eauthor
_929114
245 1 0 _aSales taxation /
_cJohn F. Due
260 _aIllinois :
_bUniversity of Illinois Press,
_c1959.
300 _a396 pages ;
_c22 cm.
505 0 _aReview Of Sales Tax Experience: The Multiple Stage Taxes. -- The value-added tax. -- The single-stage sales taxes. -- Questions of sales tax structure.
650 1 4 _aTax administration and procedure
_941549
650 2 4 _aSales tax
_zU.S. states
_941550
942 _2ddc
_cBK
999 _c12750
_d12750